Полет към планетите (Запис номер 134894)
[ съкратено ]
| 000 -Лидер | |
|---|---|
| Контролно поле с фиксирана дължина | nam a22 a 4500 |
| 003 - Код на организацията, давaща контролен номер | |
| Контролно поле | BLK |
| 005 - Дата и час на последна редакция | |
| Контролно поле | 20210205151459.0 |
| 008 - Елементи от данни с фиксирана дължина | |
| fixed length control field | 180409b bul|||||r ||||||| ||bul|| |
| 010 ## - Наследен системен номер | |
| LC control number | KNG00140814000 |
| 040 ## - Източник на каталожния запис | |
| Идентификатор на билиотеката - собственик на записа | BLK |
| 041 ## - Код за език | |
| Код за езика на текст/звукозапис или на отделно заглавие | Български |
| Код за езика КДБФ | Български |
| 080 ## - УДК | |
| Текстов определител УДК | Космическа техника. Космонавтика |
| УДК код - определител по УДК | 629.78 |
| УДК определител | (02.062) |
| УДК - код + определител | 629.78(02.062) |
| 080 ## - УДК | |
| Текстов определител УДК | Българска литература |
| УДК код - определител по УДК | 821.163.2 |
| УДК определител | -93-32 |
| УДК - код + определител | 821.163.2-93-32 |
| 100 1# - Редна дума - Автор | |
| Автор | Калицин, Никола Стилиянов |
| Авторска отговорност | първи автор |
| R(LIN) | 324549 |
| 139 ## - Редно поле | |
| Редна дума | Калицин, Никола Стилиянов |
| Авторски знак | Кал - К 16 |
| 245 10 - Сведения за заглавието | |
| Заглавие | Полет към планетите |
| Редно поле (дума) | Никола Стилиянов Калицин; худож. Никола Ковачев. |
| 257 ## - Страна на издаване | |
| Страна на създаване/издаване | България |
| 260 ## - Област на издателските данни | |
| Име на издателя, разпространителя и проч. | Нар. младеж |
| Година на издаване | 1961 |
| Място на издаване, разпространение и проч. | София |
| 300 ## - Физическа характеристика | |
| Страници | 52 с., 4 л. |
| Илюстрации и др. | ил. |
| Размери/Мащаб | 37 см |
| 380 ## - Жанр | |
| Жанр | Техника |
| 490 1# - СЕРИИ (Колекции) | |
| Име на серия | Книги за любознателните деца и юноши : За начална и средна училищна възраст |
| 500 ## - Общи забележки | |
| Забележка | 8 100 тир. |
| 650 #4 - Допълнително описание по предмет – тема | |
| Основно описание – тема или топоним | Космос |
| 9 (RLIN) | 159551 |
| 650 #4 - Допълнително описание по предмет – тема | |
| Основно описание – тема или топоним | Космически летателни апарати |
| 9 (RLIN) | 278658 |
| 653 ## - Ключова дума – ненормативна | |
| Ключова дума | Космос |
| 653 ## - Ключова дума – ненормативна | |
| Ключова дума | планети |
| 653 ## - Ключова дума – ненормативна | |
| Ключова дума | космически кораби |
| 700 1# - Други автори (авторска отговорност) | |
| Лично име | Ковачев, Никола |
| Автороска отговорност (Описва отношението между автора и произведението) | худож. |
| 9 (RLIN) | 276176 |
| 852 ## - Местоположение | |
| Форматна сигнатура | Цб ІІ 17575 |
| 856 4# - Електронен адрес и достъп | |
| Електронен формат | pdf - файл |
| 856 4# - Електронен адрес и достъп | |
| Електронен формат | pdf - файл |
| 999 ## - СИСТЕМНИ КОНТРОЛНИ НОМЕРА | |
| Koha biblionumber | 134894 |
| Koha biblioitemnumber | 134894 |
| 942 ## - АРТИКУЛИ | |
| Вид на библиотечния материал | Книги |
| Скрит в OPAC | Не |
| Периодичен библиозапис | Да |
| 944 ## - СЪЗДАВАНЕ И РЕДАКЦИЯ на ЗАПИСА | |
| Създаване/Редакция | Създаване |
| Дата на регистрацията/редакция | 14.03.2013 |
| Статус, дата на статуса | 14.03.2013 - от С1,Р / 14.03.2013 |
| Служител, извършил регистрацията/редакцията | Севдалина_Василева |
| 944 ## - СЪЗДАВАНЕ И РЕДАКЦИЯ на ЗАПИСА | |
| Създаване/Редакция | Редакция |
| Дата на регистрацията/редакция | 14.03.2013 |
| Статус, дата на статуса | 14.03.2013 - от С1,Р / 14.03.2013 |
| 999 ## - СИСТЕМНИ КОНТРОЛНИ НОМЕРА | |
| Koha biblioitemnumber | 134894 |
| Код за отписване | Код за изгубен артикул | Източник на класификационната схема | Код за повреда | Коз за рестрикции | Код за отдаване | Артикулен № | Име на библиотеката - собственик | Име на библиотеката, в която се намира в момента | Статус (Текущо местоположение) | Дата на вписване в системата | Местоположение - отдел | Цена в лева | Инвентарен номер | Систематично азбучна сигнатура | Баркод | Номер на екземпляра | Цена в евро | Служебна бележка | Служебен тип на артикула |
|---|---|---|---|---|---|---|---|---|---|---|---|---|---|---|---|---|---|---|---|
| Не е изгубен | Universal Decimal Classification | Не е повреден | само за читалня | ползва се в читалня | 220583 | Регионална библиотека "Любен Каравелов" Русе | Регионална библиотека "Любен Каравелов" Русе | Хранилище | 1961-01-01 | Хранилище | 0.64 | 13760/61 | Цб ІІ 17575 | 900000037378 | 1 | 0.33 | Дост: Dp Вид: Д N: стар фонд Дата: 01.01.1961 | Книги |